{"text_format":"3","workbook":"xlsx","n_sheets":2,"sheets":["Заголовок","Страница 1"],"read":"whole","date_system":"1900"}

{"sheet":"Заголовок","index":0,"n_rows":55,"n_cols":86,"rows_kept":55,"merged":[[0,0,0,101],[1,0,1,13],[1,14,1,84],[1,85,1,101],[2,0,2,84],[2,85,2,101],[3,0,3,32],[3,33,3,66],[3,67,3,84],[3,85,3,101],[4,0,4,12],[4,13,4,66],[4,67,4,84],[4,85,4,101],[5,0,5,28],[5,29,5,80],[5,81,6,84],[5,85,5,101],[6,0,6,33],[6,34,6,80],[6,85,6,101],[7,0,7,101],[8,0,8,69],[8,70,8,101],[9,0,9,101],[10,0,11,29],[10,30,10,40],[10,41,10,67],[10,68,10,75],[10,76,10,101],[11,30,11,101],[12,0,12,101],[13,0,14,19],[13,21,13,101],[14,20,14,101],[15,0,16,46],[15,47,15,79],[15,80,16,81],[15,82,15,101],[16,47,16,79],[16,82,16,101],[17,0,17,101],[18,0,27,5],[18,6,18,95],[18,96,27,101],[19,6,19,95],[20,6,20,95],[21,6,21,95],[22,6,22,95],[23,6,24,28],[23,29,24,30],[23,31,23,54],[23,56,23,71],[23,73,23,95],[24,31,24,54],[24,56,24,71],[24,73,24,95],[25,6,25,95],[26,6,26,7],[26,8,26,12],[26,13,26,14],[26,16,26,35],[26,37,26,41],[26,42,26,44],[26,45,26,95],[27,6,27,95],[28,0,28,101],[29,0,29,101],[30,0,30,101],[31,0,31,101],[32,0,33,101],[34,0,34,101],[35,0,35,101],[36,0,36,101],[37,0,37,101],[38,0,38,101],[39,0,40,22],[39,24,39,47],[39,49,39,64],[39,66,39,88],[39,89,40,101],[40,24,40,47],[40,49,40,64],[40,66,40,88],[41,0,41,101],[42,2,42,3],[42,4,42,8],[42,9,42,10],[42,12,42,32],[42,34,42,38],[42,39,42,41],[42,42,43,101],[43,0,43,41],[44,0,44,22],[44,23,44,101],[45,0,45,101],[46,0,46,101],[47,0,47,101],[48,0,48,101],[49,25,49,65],[49,68,49,79],[49,81,49,101],[50,25,50,65],[50,68,50,79],[50,81,50,101],[51,0,51,24],[53,0,53,101],[54,2,54,3],[54,4,54,7],[54,8,54,9],[54,10,54,33],[54,35,54,39],[54,40,54,42],[54,43,54,101]]}
["ИНВЕНТАРИЗАЦИОННАЯ ОПИСЬ ( СЛИЧИТЕЛЬНАЯ ВЕДОМОСТЬ ) № 2"]
[{"$nulls":14},"по объектам нефинансовых активов",{"$nulls":70},"КОДЫ"]
["Форма по ОКУД",{"$nulls":84},"0504087"]
[{"$nulls":33},"на 1 октября 2019  года",{"$nulls":33},"Дата",{"$nulls":17},"01.10.2019"]
["Учреждение",{"$nulls":12},"Муниципальное бюджетное  образовательное учреждение Меллятамакская начальная общеобразовательная школа Муслюмовского муниципального района РТ",{"$nulls":53},"по ОКПО",{"$nulls":17},""]
["Структурное подразделение",{"$nulls":28},""]
["Материально ответственное лицо",{"$nulls":33},""]
[]
["Номер счета",{"$nulls":69},"10112, 10124, 10134, 10136"]
[]
["Приказ ( распоряжение ) о проведении инвентаризации",{"$nulls":29},"Номер",{"$nulls":10},"",{"$nulls":26},"Дата",{"$nulls":7},""]
[]
[]
["Место проведения инвентаризации",{"$nulls":20},""]
[]
[{"$nulls":47},"Дата начала инвентаризации",{"$nulls":34},""]
[{"$nulls":47},"Дата окончания инвентаризации",{"$nulls":34},""]
[]
[{"$nulls":6},"РАСПИСКА"]
[{"$nulls":6},"( оформляется до начала инвентаризации )"]
[{"$nulls":6},"К началу проведения инвентаризации все документы, относящиеся к приходу или"]
[{"$nulls":6},"расходу ценностей, сданы в бухгалтерию и никаких неоприходованных или списанных"]
[{"$nulls":6},"в расход ценностей не имеется."]
[{"$nulls":6},"Материально ответственное лицо",{"$nulls":24},"",{"$nulls":41},"/"]
[{"$nulls":31},"( должность )",{"$nulls":24},"( подпись )",{"$nulls":16},"( расшифровка подписи )"]
[]
[{"$nulls":6},"\"",{"$nulls":6},"\"",{"$nulls":23},20,{"$nulls":7},"г."]
[]
[]
["Все ценности, поименованные в настоящей  инвентаризационной описи с № 1 по № 46"]
["комиссией проверены  в  натуре в  моем  присутствии  и внесены  в настоящую опись, в связи с"]
["чем претензий к инвентаризационной комиссии не имею."]
["Ценности, перечисленные в описи, находятся на моем ответственном хранении."]
[]
["Объяснение причин излишков или недостач:"]
[]
[]
[]
[]
["Материально ответственное лицо",{"$nulls":23},"",{"$nulls":41},"/"]
[{"$nulls":24},"( должность )",{"$nulls":24},"( подпись )",{"$nulls":16},"( расшифровка подписи )"]
[]
[null,null,"\"",{"$nulls":6},"\"",{"$nulls":24},20,{"$nulls":7},"г."]
[]
["Заключение комиссии"]
[]
[]
[]
[]
["Председатель комиссии",{"$nulls":24},"",{"$nulls":55},""]
[{"$nulls":25},"( должность )",{"$nulls":42},"( подпись )",{"$nulls":12},"( расшифровка подписи )"]
["Члены комиссии"]
[]
[]
[null,null,"\"",{"$nulls":5},"\"",{"$nulls":26},20,{"$nulls":7},"г."]

{"sheet":"Страница 1","index":1,"n_rows":83,"n_cols":154,"rows_kept":83,"merged":[[0,0,0,139],[0,140,0,167],[1,0,1,167],[2,0,4,5],[2,6,2,15],[2,16,4,16],[2,17,4,34],[2,35,4,46],[2,47,2,73],[2,74,2,100],[2,101,2,150],[2,151,4,151],[2,152,4,152],[2,153,4,167],[3,7,4,15],[3,47,4,57],[3,58,4,73],[3,74,4,84],[3,85,4,100],[3,101,3,125],[3,126,3,150],[4,101,4,111],[4,112,4,125],[4,126,4,136],[4,137,4,150],[5,0,5,5],[5,7,5,15],[5,17,5,34],[5,35,5,46],[5,47,5,57],[5,58,5,73],[5,74,5,84],[5,85,5,100],[5,101,5,111],[5,112,5,125],[5,126,5,136],[5,137,5,150],[5,153,5,167],[6,0,6,5],[6,7,6,15],[6,17,6,34],[6,35,6,46],[6,47,6,57],[6,58,6,73],[6,74,6,84],[6,85,6,100],[6,101,6,111],[6,112,6,125],[6,126,6,136],[6,137,6,150],[6,153,6,167],[7,0,7,5],[7,7,7,15],[7,17,7,34],[7,35,7,46],[7,47,7,57],[7,58,7,73],[7,74,7,84],[7,85,7,100],[7,101,7,111],[7,112,7,125],[7,126,7,136],[7,137,7,150],[7,153,7,167],[8,0,8,5],[8,7,8,15],[8,17,8,34],[8,35,8,46],[8,47,8,57],[8,58,8,73],[8,74,8,84],[8,85,8,100],[8,101,8,111],[8,112,8,125],[8,126,8,136],[8,137,8,150],[8,153,8,167],[9,0,9,5],[9,7,9,15],[9,17,9,34],[9,35,9,46],[9,47,9,57],[9,58,9,73],[9,74,9,84],[9,85,9,100],[9,101,9,111],[9,112,9,125],[9,126,9,136],[9,137,9,150],[9,153,9,167],[10,0,10,5],[10,7,10,15],[10,17,10,34],[10,35,10,46],[10,47,10,57],[10,58,10,73],[10,74,10,84],[10,85,10,100],[10,101,10,111],[10,112,10,125],[10,126,10,136],[10,137,10,150],[10,153,10,167],[11,0,11,5],[11,7,11,15],[11,17,11,34],[11,35,11,46],[11,47,11,57],[11,58,11,73],[11,74,11,84],[11,85,11,100],[11,101,11,111],[11,112,11,125],[11,126,11,136],[11,137,11,150],[11,153,11,167],[12,0,12,5],[12,7,12,15],[12,17,12,34],[12,35,12,46],[12,47,12,57],[12,58,12,73],[12,74,12,84],[12,85,12,100],[12,101,12,111],[12,112,12,125],[12,126,12,136],[12,137,12,150],[12,153,12,167],[13,0,13,5],[13,7,13,15],[13,17,13,34],[13,35,13,46],[13,47,13,57],[13,58,13,73],[13,74,13,84],[13,85,13,100],[13,101,13,111],[13,112,13,125],[13,126,13,136],[13,137,13,150],[13,153,13,167],[14,0,14,5],[14,7,14,15],[14,17,14,34],[14,35,14,46],[14,47,14,57],[14,58,14,73],[14,74,14,84],[14,85,14,100],[14,101,14,111],[14,112,14,125],[14,126,14,136],[14,137,14,150],[14,153,14,167],[15,0,15,5],[15,7,15,15],[15,17,15,34],[15,35,15,46],[15,47,15,57],[15,58,15,73],[15,74,15,84],[15,85,15,100],[15,101,15,111],[15,112,15,125],[15,126,15,136],[15,137,15,150],[15,153,15,167],[16,0,16,5],[16,7,16,15],[16,17,16,34],[16,35,16,46],[16,47,16,57],[16,58,16,73],[16,74,16,84],[16,85,16,100],[16,101,16,111],[16,112,16,125],[16,126,16,136],[16,137,16,150],[16,153,16,167],[17,0,17,5],[17,7,17,15],[17,17,17,34],[17,35,17,46],[17,47,17,57],[17,58,17,73],[17,74,17,84],[17,85,17,100],[17,101,17,111],[17,112,17,125],[17,126,17,136],[17,137,17,150],[17,153,17,167],[18,0,18,5],[18,7,18,15],[18,17,18,34],[18,35,18,46],[18,47,18,57],[18,58,18,73],[18,74,18,84],[18,85,18,100],[18,101,18,111],[18,112,18,125],[18,126,18,136],[18,137,18,150],[18,153,18,167],[19,0,19,5],[19,7,19,15],[19,17,19,34],[19,35,19,46],[19,47,19,57],[19,58,19,73],[19,74,19,84],[19,85,19,100],[19,101,19,111],[19,112,19,125],[19,126,19,136],[19,137,19,150],[19,153,19,167],[20,0,20,5],[20,7,20,15],[20,17,20,34],[20,35,20,46],[20,47,20,57],[20,58,20,73],[20,74,20,84],[20,85,20,100],[20,101,20,111],[20,112,20,125],[20,126,20,136],[20,137,20,150],[20,153,20,167],[21,0,21,5],[21,7,21,15],[21,17,21,34],[21,35,21,46],[21,47,21,57],[21,58,21,73],[21,74,21,84],[21,85,21,100],[21,101,21,111],[21,112,21,125],[21,126,21,136],[21,137,21,150],[21,153,21,167],[22,0,22,5],[22,7,22,15],[22,17,22,34],[22,35,22,46],[22,47,22,57],[22,58,22,73],[22,74,22,84],[22,85,22,100],[22,101,22,111],[22,112,22,125],[22,126,22,136],[22,137,22,150],[22,153,22,167],[23,0,23,5],[23,7,23,15],[23,17,23,34],[23,35,23,46],[23,47,23,57],[23,58,23,73],[23,74,23,84],[23,85,23,100],[23,101,23,111],[23,112,23,125],[23,126,23,136],[23,137,23,150],[23,153,23,167],[24,0,24,5],[24,7,24,15],[24,17,24,34],[24,35,24,46],[24,47,24,57],[24,58,24,73],[24,74,24,84],[24,85,24,100],[24,101,24,111],[24,112,24,125],[24,126,24,136],[24,137,24,150],[24,153,24,167],[25,0,25,5],[25,7,25,15],[25,17,25,34],[25,35,25,46],[25,47,25,57],[25,58,25,73],[25,74,25,84],[25,85,25,100],[25,101,25,111],[25,112,25,125],[25,126,25,136],[25,137,25,150],[25,153,25,167],[26,0,26,167],[27,0,27,18],[27,20,27,154],[27,155,31,167],[28,0,28,18],[28,20,28,154],[29,0,29,18],[29,20,29,154],[30,0,30,18],[30,20,30,154],[31,0,31,18],[31,20,31,154],[32,0,32,154],[32,155,32,167],[33,0,33,154],[33,155,33,167],[34,0,34,139],[34,140,34,167],[35,0,35,5],[35,7,35,15],[35,17,35,34],[35,35,35,46],[35,47,35,57],[35,58,35,73],[35,74,35,84],[35,85,35,100],[35,101,35,111],[35,112,35,125],[35,126,35,136],[35,137,35,150],[35,153,35,167],[36,0,36,5],[36,7,36,15],[36,17,36,34],[36,35,36,46],[36,47,36,57],[36,58,36,73],[36,74,36,84],[36,85,36,100],[36,101,36,111],[36,112,36,125],[36,126,36,136],[36,137,36,150],[36,153,36,167],[37,0,37,5],[37,7,37,15],[37,17,37,34],[37,35,37,46],[37,47,37,57],[37,58,37,73],[37,74,37,84],[37,85,37,100],[37,101,37,111],[37,112,37,125],[37,126,37,136],[37,137,37,150],[37,153,37,167],[38,0,38,5],[38,7,38,15],[38,17,38,34],[38,35,38,46],[38,47,38,57],[38,58,38,73],[38,74,38,84],[38,85,38,100],[38,101,38,111],[38,112,38,125],[38,126,38,136],[38,137,38,150],[38,153,38,167],[39,0,39,5],[39,7,39,15],[39,17,39,34],[39,35,39,46],[39,47,39,57],[39,58,39,73],[39,74,39,84],[39,85,39,100],[39,101,39,111],[39,112,39,125],[39,126,39,136],[39,137,39,150],[39,153,39,167],[40,0,40,5],[40,7,40,15],[40,17,40,34],[40,35,40,46],[40,47,40,57],[40,58,40,73],[40,74,40,84],[40,85,40,100],[40,101,40,111],[40,112,40,125],[40,126,40,136],[40,137,40,150],[40,153,40,167],[41,0,41,5],[41,7,41,15],[41,17,41,34],[41,35,41,46],[41,47,41,57],[41,58,41,73],[41,74,41,84],[41,85,41,100],[41,101,41,111],[41,112,41,125],[41,126,41,136],[41,137,41,150],[41,153,41,167],[42,0,42,5],[42,7,42,15],[42,17,42,34],[42,35,42,46],[42,47,42,57],[42,58,42,73],[42,74,42,84],[42,85,42,100],[42,101,42,111],[42,112,42,125],[42,126,42,136],[42,137,42,150],[42,153,42,167],[43,0,43,5],[43,7,43,15],[43,17,43,34],[43,35,43,46],[43,47,43,57],[43,58,43,73],[43,74,43,84],[43,85,43,100],[43,101,43,111],[43,112,43,125],[43,126,43,136],[43,137,43,150],[43,153,43,167],[44,0,44,5],[44,7,44,15],[44,17,44,34],[44,35,44,46],[44,47,44,57],[44,58,44,73],[44,74,44,84],[44,85,44,100],[44,101,44,111],[44,112,44,125],[44,126,44,136],[44,137,44,150],[44,153,44,167],[45,0,45,5],[45,7,45,15],[45,17,45,34],[45,35,45,46],[45,47,45,57],[45,58,45,73],[45,74,45,84],[45,85,45,100],[45,101,45,111],[45,112,45,125],[45,126,45,136],[45,137,45,150],[45,153,45,167],[46,0,46,5],[46,7,46,15],[46,17,46,34],[46,35,46,46],[46,47,46,57],[46,58,46,73],[46,74,46,84],[46,85,46,100],[46,101,46,111],[46,112,46,125],[46,126,46,136],[46,137,46,150],[46,153,46,167],[47,0,47,5],[47,7,47,15],[47,17,47,34],[47,35,47,46],[47,47,47,57],[47,58,47,73],[47,74,47,84],[47,85,47,100],[47,101,47,111],[47,112,47,125],[47,126,47,136],[47,137,47,150],[47,153,47,167],[48,0,48,5],[48,7,48,15],[48,17,48,34],[48,35,48,46],[48,47,48,57],[48,58,48,73],[48,74,48,84],[48,85,48,100],[48,101,48,111],[48,112,48,125],[48,126,48,136],[48,137,48,150],[48,153,48,167],[49,0,49,5],[49,7,49,15],[49,17,49,34],[49,35,49,46],[49,47,49,57],[49,58,49,73],[49,74,49,84],[49,85,49,100],[49,101,49,111],[49,112,49,125],[49,126,49,136],[49,137,49,150],[49,153,49,167],[50,0,50,5],[50,7,50,15],[50,17,50,34],[50,35,50,46],[50,47,50,57],[50,58,50,73],[50,74,50,84],[50,85,50,100],[50,101,50,111],[50,112,50,125],[50,126,50,136],[50,137,50,150],[50,153,50,167],[51,0,51,5],[51,7,51,15],[51,17,51,34],[51,35,51,46],[51,47,51,57],[51,58,51,73],[51,74,51,84],[51,85,51,100],[51,101,51,111],[51,112,51,125],[51,126,51,136],[51,137,51,150],[51,153,51,167],[52,0,52,5],[52,7,52,15],[52,17,52,34],[52,35,52,46],[52,47,52,57],[52,58,52,73],[52,74,52,84],[52,85,52,100],[52,101,52,111],[52,112,52,125],[52,126,52,136],[52,137,52,150],[52,153,52,167],[53,0,53,5],[53,7,53,15],[53,17,53,34],[53,35,53,46],[53,47,53,57],[53,58,53,73],[53,74,53,84],[53,85,53,100],[53,101,53,111],[53,112,53,125],[53,126,53,136],[53,137,53,150],[53,153,53,167],[54,0,54,5],[54,7,54,15],[54,17,54,34],[54,35,54,46],[54,47,54,57],[54,58,54,73],[54,74,54,84],[54,85,54,100],[54,101,54,111],[54,112,54,125],[54,126,54,136],[54,137,54,150],[54,153,54,167],[55,0,55,167],[56,0,56,18],[56,20,56,154],[56,155,60,167],[57,0,57,18],[57,20,57,154],[58,0,58,18],[58,20,58,154],[59,0,59,18],[59,20,59,154],[60,0,60,18],[60,20,60,154],[61,0,61,154],[61,155,61,167],[62,0,62,154],[62,155,62,167],[63,0,63,139],[63,140,63,167],[64,0,64,5],[64,7,64,15],[64,17,64,34],[64,35,64,46],[64,47,64,57],[64,58,64,73],[64,74,64,84],[64,85,64,100],[64,101,64,111],[64,112,64,125],[64,126,64,136],[64,137,64,150],[64,153,64,167],[65,0,65,5],[65,7,65,15],[65,17,65,34],[65,35,65,46],[65,47,65,57],[65,58,65,73],[65,74,65,84],[65,85,65,100],[65,101,65,111],[65,112,65,125],[65,126,65,136],[65,137,65,150],[65,153,65,167],[66,0,66,5],[66,7,66,15],[66,17,66,34],[66,35,66,46],[66,47,66,57],[66,58,66,73],[66,74,66,84],[66,85,66,100],[66,101,66,111],[66,112,66,125],[66,126,66,136],[66,137,66,150],[66,153,66,167],[67,0,67,5],[67,7,67,15],[67,17,67,34],[67,35,67,46],[67,47,67,57],[67,58,67,73],[67,74,67,84],[67,85,67,100],[67,101,67,111],[67,112,67,125],[67,126,67,136],[67,137,67,150],[67,153,67,167],[68,0,68,5],[68,7,68,15],[68,17,68,34],[68,35,68,46],[68,47,68,57],[68,58,68,73],[68,74,68,84],[68,85,68,100],[68,101,68,111],[68,112,68,125],[68,126,68,136],[68,137,68,150],[68,153,68,167],[69,0,69,5],[69,7,69,15],[69,17,69,34],[69,35,69,46],[69,47,69,57],[69,58,69,73],[69,74,69,84],[69,85,69,100],[69,101,69,111],[69,112,69,125],[69,126,69,136],[69,137,69,150],[69,153,69,167],[70,0,70,167],[71,0,71,18],[71,20,71,154],[71,155,75,167],[72,0,72,18],[72,20,72,154],[73,0,73,18],[73,20,73,154],[74,0,74,18],[74,20,74,154],[75,0,75,18],[75,20,75,154],[76,0,77,166],[78,0,78,18],[78,20,78,154],[78,155,82,167],[79,0,79,18],[79,20,79,154],[80,0,80,18],[80,20,80,154],[81,0,81,18],[81,20,81,154],[82,0,82,18],[82,20,82,154]]}
[{"$nulls":140},"Форма 0504087  c. 2"]
[]
["№ п/п",{"$nulls":5},"Нефинансовые активы",{"$nulls":9},"Инвентарный номер","Единица измерения",{"$nulls":17},"Цена, руб.",{"$nulls":11},"Фактическое наличие",{"$nulls":26},"По данным бухгалтерского учета",{"$nulls":26},"Результаты инвентаризации",{"$nulls":49},"Модель","Заводской номер","Примечание"]
[{"$nulls":6},"Наименование","Код",{"$nulls":39},"Количество",{"$nulls":10},"сумма, руб",{"$nulls":15},"Количество",{"$nulls":10},"сумма, руб",{"$nulls":15},"Недостачи",{"$nulls":24},"Излишки"]
[{"$nulls":101},"Количество",{"$nulls":10},"Сумма, руб.",{"$nulls":13},"Количество",{"$nulls":10},"Сумма, руб."]
[1,{"$nulls":5},2,3,{"$nulls":8},4,5,{"$nulls":17},6,{"$nulls":11},7,{"$nulls":10},8,{"$nulls":15},9,{"$nulls":10},10,{"$nulls":15},11,{"$nulls":10},12,{"$nulls":13},13,{"$nulls":10},14,{"$nulls":13},15,16,17]
[1,{"$nulls":5},"вешалка для полотенец на 16 отсеков- материал влагостойкий ЛДСП- торцы обработаны ПВС (2мм)","",{"$nulls":8},"3322144619","шт.",{"$nulls":17},{"v":6000,"d":"6,000.00р."},{"$nulls":11},"",{"$nulls":10},"",{"$nulls":15},{"v":1,"d":"1.0000"},{"$nulls":10},{"v":6000,"d":"6,000.000"},{"$nulls":15},"",{"$nulls":10},"",{"$nulls":13},"",{"$nulls":10},"",{"$nulls":13},"",""]
[2,{"$nulls":5},"водонагреватель","",{"$nulls":8},"1630105","шт.",{"$nulls":17},{"v":4600,"d":"4,600.00р."},{"$nulls":11},"",{"$nulls":10},"",{"$nulls":15},{"v":1,"d":"1.0000"},{"$nulls":10},{"v":4600,"d":"4,600.000"},{"$nulls":15},"",{"$nulls":10},"",{"$nulls":13},"",{"$nulls":10},"",{"$nulls":13},"",""]
[3,{"$nulls":5},"ВОДОНАГРЕВАТЕЛЬ АРИСТОН","",{"$nulls":8},"3322144601","шт.",{"$nulls":17},{"v":4500,"d":"4,500.00р."},{"$nulls":11},"",{"$nulls":10},"",{"$nulls":15},{"v":1,"d":"1.0000"},{"$nulls":10},{"v":4500,"d":"4,500.000"},{"$nulls":15},"",{"$nulls":10},"",{"$nulls":13},"",{"$nulls":10},"",{"$nulls":13},"",""]
[4,{"$nulls":5},"Горка нерж.Р площади=1-2м","",{"$nulls":8},"101091800039","шт.",{"$nulls":17},{"v":41571.6,"d":"41,571.60р."},{"$nulls":11},"",{"$nulls":10},"",{"$nulls":15},{"v":1,"d":"1.0000"},{"$nulls":10},{"v":41571.6,"d":"41,571.600"},{"$nulls":15},"",{"$nulls":10},"",{"$nulls":13},"",{"$nulls":10},"",{"$nulls":13},"",""]
[5,{"$nulls":5},"Детский спортивный комплекс","",{"$nulls":8},"101091800038","шт.",{"$nulls":17},{"v":74869.55,"d":"74,869.55р."},{"$nulls":11},"",{"$nulls":10},"",{"$nulls":15},{"v":1,"d":"1.0000"},{"$nulls":10},{"v":74869.55,"d":"74,869.550"},{"$nulls":15},"",{"$nulls":10},"",{"$nulls":13},"",{"$nulls":10},"",{"$nulls":13},"",""]
[6,{"$nulls":5},"Доска аудиторная 3хэлементная","",{"$nulls":8},"15111298 \n15111297","шт.",{"$nulls":17},{"v":4900,"d":"4,900.00р."},{"$nulls":11},"",{"$nulls":10},"",{"$nulls":15},{"v":2,"d":"2.0000"},{"$nulls":10},{"v":9800,"d":"9,800.000"},{"$nulls":15},"",{"$nulls":10},"",{"$nulls":13},"",{"$nulls":10},"",{"$nulls":13},"",""]
[7,{"$nulls":5},"Здание школы","",{"$nulls":8},"15111784","шт.",{"$nulls":17},{"v":520000,"d":"520,000.00р."},{"$nulls":11},"",{"$nulls":10},"",{"$nulls":15},{"v":1,"d":"1.0000"},{"$nulls":10},{"v":520000,"d":"520,000.000"},{"$nulls":15},"",{"$nulls":10},"",{"$nulls":13},"",{"$nulls":10},"",{"$nulls":13},"",""]
[8,{"$nulls":5},"Карусель","",{"$nulls":8},"101091800034","шт.",{"$nulls":17},{"v":36015,"d":"36,015.00р."},{"$nulls":11},"",{"$nulls":10},"",{"$nulls":15},{"v":1,"d":"1.0000"},{"$nulls":10},{"v":36015,"d":"36,015.000"},{"$nulls":15},"",{"$nulls":10},"",{"$nulls":13},"",{"$nulls":10},"",{"$nulls":13},"",""]
[9,{"$nulls":5},"Качалка балансир","",{"$nulls":8},"101091800037","шт.",{"$nulls":17},{"v":16823.43,"d":"16,823.43р."},{"$nulls":11},"",{"$nulls":10},"",{"$nulls":15},{"v":1,"d":"1.0000"},{"$nulls":10},{"v":16823.43,"d":"16,823.430"},{"$nulls":15},"",{"$nulls":10},"",{"$nulls":13},"",{"$nulls":10},"",{"$nulls":13},"",""]
[10,{"$nulls":5},"Комплект мультимедийный","",{"$nulls":8},"1630107","шт.",{"$nulls":17},{"v":34825,"d":"34,825.00р."},{"$nulls":11},"",{"$nulls":10},"",{"$nulls":15},{"v":1,"d":"1.0000"},{"$nulls":10},{"v":34825,"d":"34,825.000"},{"$nulls":15},"",{"$nulls":10},"",{"$nulls":13},"",{"$nulls":10},"",{"$nulls":13},"",""]
[11,{"$nulls":6},"",{"$nulls":39},"",{"$nulls":10},"",{"$nulls":42},"",{"$nulls":10},"",{"$nulls":13},"",{"$nulls":10},"",{"$nulls":13},"",""]
[12,{"$nulls":5},"Котел RS-A 100(96квт)","",{"$nulls":8},"1681850","шт.",{"$nulls":17},{"v":65000,"d":"65,000.00р."},{"$nulls":11},"",{"$nulls":10},"",{"$nulls":15},{"v":1,"d":"1.0000"},{"$nulls":10},{"v":65000,"d":"65,000.000"},{"$nulls":15},"",{"$nulls":10},"",{"$nulls":13},"",{"$nulls":10},"",{"$nulls":13},"",""]
[13,{"$nulls":5},"кровать трехъярусная","",{"$nulls":8},"3322144667 \n3322144666 \n3322144665 \n3322144660","шт.",{"$nulls":17},{"v":5240,"d":"5,240.00р."},{"$nulls":11},"",{"$nulls":10},"",{"$nulls":15},{"v":4,"d":"4.0000"},{"$nulls":10},{"v":20960,"d":"20,960.000"},{"$nulls":15},"",{"$nulls":10},"",{"$nulls":13},"",{"$nulls":10},"",{"$nulls":13},"",""]
[14,{"$nulls":5},"мебель -уголок природы-. материал:ЛДСП","",{"$nulls":8},"3322144616","шт.",{"$nulls":17},{"v":4200,"d":"4,200.00р."},{"$nulls":11},"",{"$nulls":10},"",{"$nulls":15},{"v":1,"d":"1.0000"},{"$nulls":10},{"v":4200,"d":"4,200.000"},{"$nulls":15},"",{"$nulls":10},"",{"$nulls":13},"",{"$nulls":10},"",{"$nulls":13},"",""]
[15,{"$nulls":5},"монитор LG 17","",{"$nulls":8},"000001380007","шт.",{"$nulls":17},{"v":4667,"d":"4,667.00р."},{"$nulls":11},"",{"$nulls":10},"",{"$nulls":15},{"v":1,"d":"1.0000"},{"$nulls":10},{"v":4667,"d":"4,667.000"},{"$nulls":15},"",{"$nulls":10},"",{"$nulls":13},"",{"$nulls":10},"",{"$nulls":13},"",""]
[16,{"$nulls":5},"монитор LG 17","",{"$nulls":8},"000001630113","шт.",{"$nulls":17},{"v":4996,"d":"4,996.00р."},{"$nulls":11},"",{"$nulls":10},"",{"$nulls":15},{"v":1,"d":"1.0000"},{"$nulls":10},{"v":4996,"d":"4,996.000"},{"$nulls":15},"",{"$nulls":10},"",{"$nulls":13},"",{"$nulls":10},"",{"$nulls":13},"",""]
[17,{"$nulls":5},"насос","",{"$nulls":8},"1630109","шт.",{"$nulls":17},{"v":4800,"d":"4,800.00р."},{"$nulls":11},"",{"$nulls":10},"",{"$nulls":15},{"v":1,"d":"1.0000"},{"$nulls":10},{"v":4800,"d":"4,800.000"},{"$nulls":15},"",{"$nulls":10},"",{"$nulls":13},"",{"$nulls":10},"",{"$nulls":13},"",""]
[18,{"$nulls":5},"ноутбук","",{"$nulls":8},"1630111","шт.",{"$nulls":17},{"v":18810,"d":"18,810.00р."},{"$nulls":11},"",{"$nulls":10},"",{"$nulls":15},{"v":1,"d":"1.0000"},{"$nulls":10},{"v":18810,"d":"18,810.000"},{"$nulls":15},"",{"$nulls":10},"",{"$nulls":13},"",{"$nulls":10},"",{"$nulls":13},"",""]
[19,{"$nulls":5},"Ноутбук портативный ПЭВМ Raybook Bi1010","",{"$nulls":8},"1681869","шт.",{"$nulls":17},{"v":20394,"d":"20,394.00р."},{"$nulls":11},"",{"$nulls":10},"",{"$nulls":15},{"v":1,"d":"1.0000"},{"$nulls":10},{"v":20394,"d":"20,394.000"},{"$nulls":15},"",{"$nulls":10},"",{"$nulls":13},"",{"$nulls":10},"",{"$nulls":13},"",""]
[20,{"$nulls":5},"Пак Стрелец мониторинг ТАНДЕМ2М","",{"$nulls":8},"1630112","шт.",{"$nulls":17},{"v":36815,"d":"36,815.00р."},{"$nulls":11},"",{"$nulls":10},"",{"$nulls":15},{"v":1,"d":"1.0000"},{"$nulls":10},{"v":36815,"d":"36,815.000"},{"$nulls":15},"",{"$nulls":10},"",{"$nulls":13},"",{"$nulls":10},"",{"$nulls":13},"",""]
["Итого на странице :"]
["Инвентарных номеров",{"$nulls":18},":","20 (двадцать)"]
["Фактическое количество",{"$nulls":18},":",""]
["Фактическая сумма",{"$nulls":18},":",""]
["Количество по данным бухгалтерского учета",{"$nulls":18},":","24 (двадцать четыре)"]
["Сумма по данным бухгалтерского учета",{"$nulls":18},":","948146.58 (948146 Девятьсот сорок восемь тысяч сто сорок шесть рублей  58  копеек)"]
[]
[]
[{"$nulls":140},"Форма 0504087  c. 3"]
[21,{"$nulls":5},"Пак -Стрелец мониторинг- Тандем2М с. Мелля-Тамак","",{"$nulls":8},"15111783","шт.",{"$nulls":17},{"v":36815,"d":"36,815.00р."},{"$nulls":11},"",{"$nulls":10},"",{"$nulls":15},{"v":1,"d":"1.0000"},{"$nulls":10},{"v":36815,"d":"36,815.000"},{"$nulls":15},"",{"$nulls":10},"",{"$nulls":13},"",{"$nulls":10},"",{"$nulls":13},"",""]
[22,{"$nulls":5},"Песочница с крышкой","",{"$nulls":8},"101091800040","шт.",{"$nulls":17},{"v":18007.5,"d":"18,007.50р."},{"$nulls":11},"",{"$nulls":10},"",{"$nulls":15},{"v":1,"d":"1.0000"},{"$nulls":10},{"v":18007.5,"d":"18,007.500"},{"$nulls":15},"",{"$nulls":10},"",{"$nulls":13},"",{"$nulls":10},"",{"$nulls":13},"",""]
[23,{"$nulls":5},"Плита электрическая с духовым шкафом","",{"$nulls":8},"1630108","шт.",{"$nulls":17},{"v":13000,"d":"13,000.00р."},{"$nulls":11},"",{"$nulls":10},"",{"$nulls":15},{"v":1,"d":"1.0000"},{"$nulls":10},{"v":13000,"d":"13,000.000"},{"$nulls":15},"",{"$nulls":10},"",{"$nulls":13},"",{"$nulls":10},"",{"$nulls":13},"",""]
[24,{"$nulls":5},"полка для обуви- материал: влагостойкий ЛДСП","",{"$nulls":8},"3322144622","шт.",{"$nulls":17},{"v":3200,"d":"3,200.00р."},{"$nulls":11},"",{"$nulls":10},"",{"$nulls":15},{"v":1,"d":"1.0000"},{"$nulls":10},{"v":3200,"d":"3,200.000"},{"$nulls":15},"",{"$nulls":10},"",{"$nulls":13},"",{"$nulls":10},"",{"$nulls":13},"",""]
[25,{"$nulls":5},"Портативный компьютер преп RAYbook","",{"$nulls":8},"1681863","шт.",{"$nulls":17},{"v":15920,"d":"15,920.00р."},{"$nulls":11},"",{"$nulls":10},"",{"$nulls":15},{"v":1,"d":"1.0000"},{"$nulls":10},{"v":15920,"d":"15,920.000"},{"$nulls":15},"",{"$nulls":10},"",{"$nulls":13},"",{"$nulls":10},"",{"$nulls":13},"",""]
[26,{"$nulls":5},"Портативный компьютер преп RAYbook","",{"$nulls":8},"1681864","шт.",{"$nulls":17},{"v":15920,"d":"15,920.00р."},{"$nulls":11},"",{"$nulls":10},"",{"$nulls":15},{"v":1,"d":"1.0000"},{"$nulls":10},{"v":15920,"d":"15,920.000"},{"$nulls":15},"",{"$nulls":10},"",{"$nulls":13},"",{"$nulls":10},"",{"$nulls":13},"",""]
[27,{"$nulls":5},"Принтер","",{"$nulls":8},"00137142","шт.",{"$nulls":17},{"v":10070.22,"d":"10,070.22р."},{"$nulls":11},"",{"$nulls":10},"",{"$nulls":15},{"v":1,"d":"1.0000"},{"$nulls":10},{"v":10070.22,"d":"10,070.220"},{"$nulls":15},"",{"$nulls":10},"",{"$nulls":13},"",{"$nulls":10},"",{"$nulls":13},"",""]
[28,{"$nulls":5},"проекционный комплект","",{"$nulls":8},"1681842","шт.",{"$nulls":17},{"v":24249,"d":"24,249.00р."},{"$nulls":11},"",{"$nulls":10},"",{"$nulls":15},{"v":1,"d":"1.0000"},{"$nulls":10},{"v":24249,"d":"24,249.000"},{"$nulls":15},"",{"$nulls":10},"",{"$nulls":13},"",{"$nulls":10},"",{"$nulls":13},"",""]
[29,{"$nulls":5},"Рама качели на металлических стойках","",{"$nulls":8},"101091800036","шт.",{"$nulls":17},{"v":15967,"d":"15,967.00р."},{"$nulls":11},"",{"$nulls":10},"",{"$nulls":15},{"v":1,"d":"1.0000"},{"$nulls":10},{"v":15967,"d":"15,967.000"},{"$nulls":15},"",{"$nulls":10},"",{"$nulls":13},"",{"$nulls":10},"",{"$nulls":13},"",""]
[30,{"$nulls":5},"системный блок МЭЛТ(Pentium4)","",{"$nulls":8},"000001630112","шт.",{"$nulls":17},{"v":11954,"d":"11,954.00р."},{"$nulls":11},"",{"$nulls":10},"",{"$nulls":15},{"v":1,"d":"1.0000"},{"$nulls":10},{"v":11954,"d":"11,954.000"},{"$nulls":15},"",{"$nulls":10},"",{"$nulls":13},"",{"$nulls":10},"",{"$nulls":13},"",""]
[31,{"$nulls":5},"системный блок МЭЛТ АР64","",{"$nulls":8},"000001380006","шт.",{"$nulls":17},{"v":11994,"d":"11,994.00р."},{"$nulls":11},"",{"$nulls":10},"",{"$nulls":15},{"v":1,"d":"1.0000"},{"$nulls":10},{"v":11994,"d":"11,994.000"},{"$nulls":15},"",{"$nulls":10},"",{"$nulls":13},"",{"$nulls":10},"",{"$nulls":13},"",""]
[32,{"$nulls":5},"Стеллаж для сушки посуды 800*300*1800 полки нерж","",{"$nulls":8},"3322144629","шт.",{"$nulls":17},{"v":8500,"d":"8,500.00р."},{"$nulls":11},"",{"$nulls":10},"",{"$nulls":15},{"v":1,"d":"1.0000"},{"$nulls":10},{"v":8500,"d":"8,500.000"},{"$nulls":15},"",{"$nulls":10},"",{"$nulls":13},"",{"$nulls":10},"",{"$nulls":13},"",""]
[33,{"$nulls":5},"стеллаж производственный 600*400*1800 полки нерж","",{"$nulls":8},"3322144628","шт.",{"$nulls":17},{"v":6200,"d":"6,200.00р."},{"$nulls":11},"",{"$nulls":10},"",{"$nulls":15},{"v":1,"d":"1.0000"},{"$nulls":10},{"v":6200,"d":"6,200.000"},{"$nulls":15},"",{"$nulls":10},"",{"$nulls":13},"",{"$nulls":10},"",{"$nulls":13},"",""]
[34,{"$nulls":5},"стенка для хранения игрушек из 3-х отсеков- материал ЛДСП","",{"$nulls":8},"3322144615","шт.",{"$nulls":17},{"v":6350,"d":"6,350.00р."},{"$nulls":11},"",{"$nulls":10},"",{"$nulls":15},{"v":1,"d":"1.0000"},{"$nulls":10},{"v":6350,"d":"6,350.000"},{"$nulls":15},"",{"$nulls":10},"",{"$nulls":13},"",{"$nulls":10},"",{"$nulls":13},"",""]
[35,{"$nulls":5},"Стол компьютерный (из школы)","",{"$nulls":8},"33221446300","шт.",{"$nulls":17},{"v":6700,"d":"6,700.00р."},{"$nulls":11},"",{"$nulls":10},"",{"$nulls":15},{"v":1,"d":"1.0000"},{"$nulls":10},{"v":6700,"d":"6,700.000"},{"$nulls":15},"",{"$nulls":10},"",{"$nulls":13},"",{"$nulls":10},"",{"$nulls":13},"",""]
[36,{"$nulls":5},"Стол компьютерный (из школы)","",{"$nulls":8},"33221446310","шт.",{"$nulls":17},{"v":6700,"d":"6,700.00р."},{"$nulls":11},"",{"$nulls":10},"",{"$nulls":15},{"v":1,"d":"1.0000"},{"$nulls":10},{"v":6700,"d":"6,700.000"},{"$nulls":15},"",{"$nulls":10},"",{"$nulls":13},"",{"$nulls":10},"",{"$nulls":13},"",""]
[37,{"$nulls":5},"Стол производственный 1000*600*870 полка решетка","",{"$nulls":8},"3322144627","шт.",{"$nulls":17},{"v":4700,"d":"4,700.00р."},{"$nulls":11},"",{"$nulls":10},"",{"$nulls":15},{"v":1,"d":"1.0000"},{"$nulls":10},{"v":4700,"d":"4,700.000"},{"$nulls":15},"",{"$nulls":10},"",{"$nulls":13},"",{"$nulls":10},"",{"$nulls":13},"",""]
[38,{"$nulls":5},"Стол производственный 500*500*870 мм полка решетка","",{"$nulls":8},"3322144623","шт.",{"$nulls":17},{"v":3600,"d":"3,600.00р."},{"$nulls":11},"",{"$nulls":10},"",{"$nulls":15},{"v":1,"d":"1.0000"},{"$nulls":10},{"v":3600,"d":"3,600.000"},{"$nulls":15},"",{"$nulls":10},"",{"$nulls":13},"",{"$nulls":10},"",{"$nulls":13},"",""]
[39,{"$nulls":5},"Стол производственный 600*600*870 полка решетка","",{"$nulls":8},"3322144626 \n3322144625 \n3322144624","шт.",{"$nulls":17},{"v":3800,"d":"3,800.00р."},{"$nulls":11},"",{"$nulls":10},"",{"$nulls":15},{"v":3,"d":"3.0000"},{"$nulls":10},{"v":11400,"d":"11,400.000"},{"$nulls":15},"",{"$nulls":10},"",{"$nulls":13},"",{"$nulls":10},"",{"$nulls":13},"",""]
[40,{"$nulls":5},"столы детские- регулируемые по высоте- столешница-пластик- ножки-железные- размеры:1200*800","",{"$nulls":8},"3322144614 \n3322144613 \n3322144612","шт.",{"$nulls":17},{"v":3300,"d":"3,300.00р."},{"$nulls":11},"",{"$nulls":10},"",{"$nulls":15},{"v":3,"d":"3.0000"},{"$nulls":10},{"v":9900,"d":"9,900.000"},{"$nulls":15},"",{"$nulls":10},"",{"$nulls":13},"",{"$nulls":10},"",{"$nulls":13},"",""]
["Итого на странице :"]
["Инвентарных номеров",{"$nulls":18},":","20 (двадцать)"]
["Фактическое количество",{"$nulls":18},":",""]
["Фактическая сумма",{"$nulls":18},":",""]
["Количество по данным бухгалтерского учета",{"$nulls":18},":","24 (двадцать четыре)"]
["Сумма по данным бухгалтерского учета",{"$nulls":18},":","241146.72 (241146 Двести сорок одна тысяча сто сорок шесть рублей  72  копейки)"]
[]
[]
[{"$nulls":140},"Форма 0504087  c. 4"]
[41,{"$nulls":5},"Холодильник","",{"$nulls":8},"01380033","шт.",{"$nulls":17},{"v":12801.6,"d":"12,801.60р."},{"$nulls":11},"",{"$nulls":10},"",{"$nulls":15},{"v":1,"d":"1.0000"},{"$nulls":10},{"v":12801.6,"d":"12,801.600"},{"$nulls":15},"",{"$nulls":10},"",{"$nulls":13},"",{"$nulls":10},"",{"$nulls":13},"",""]
[42,{"$nulls":5},"холодильник д.","",{"$nulls":8},"000001630104","шт.",{"$nulls":17},{"v":9180,"d":"9,180.00р."},{"$nulls":11},"",{"$nulls":10},"",{"$nulls":15},{"v":1,"d":"1.0000"},{"$nulls":10},{"v":9180,"d":"9,180.000"},{"$nulls":15},"",{"$nulls":10},"",{"$nulls":13},"",{"$nulls":10},"",{"$nulls":13},"",""]
[43,{"$nulls":5},"шкаф (дидактический)- материал: ЛДСП- размеры: 1900*350*800","",{"$nulls":8},"3322144618 \n3322144617","шт.",{"$nulls":17},{"v":3800,"d":"3,800.00р."},{"$nulls":11},"",{"$nulls":10},"",{"$nulls":15},{"v":2,"d":"2.0000"},{"$nulls":10},{"v":7600,"d":"7,600.000"},{"$nulls":15},"",{"$nulls":10},"",{"$nulls":13},"",{"$nulls":10},"",{"$nulls":13},"",""]
[44,{"$nulls":5},"шкаф для инвентаря двухдверный- материал: влагостойкий ЛДСП- размеры: 2000*500*800","",{"$nulls":8},"3322144621 \n3322144620","шт.",{"$nulls":17},{"v":6800,"d":"6,800.00р."},{"$nulls":11},"",{"$nulls":10},"",{"$nulls":15},{"v":2,"d":"2.0000"},{"$nulls":10},{"v":13600,"d":"13,600.000"},{"$nulls":15},"",{"$nulls":10},"",{"$nulls":13},"",{"$nulls":10},"",{"$nulls":13},"",""]
[45,{"$nulls":5},"шкаф для посуды (шкаф навесной+стол)","",{"$nulls":8},"0000000000000220 \n0000000000000219 \n0000000000000218 \n0000000000000217","шт.",{"$nulls":17},{"v":4050,"d":"4,050.00р."},{"$nulls":11},"",{"$nulls":10},"",{"$nulls":15},{"v":4,"d":"4.0000"},{"$nulls":10},{"v":16200,"d":"16,200.000"},{"$nulls":15},"",{"$nulls":10},"",{"$nulls":13},"",{"$nulls":10},"",{"$nulls":13},"",""]
[46,{"$nulls":5},"шкаф для хранения чистого белья","",{"$nulls":8},"3322144611","шт.",{"$nulls":17},{"v":4400,"d":"4,400.00р."},{"$nulls":11},"",{"$nulls":10},"",{"$nulls":15},{"v":1,"d":"1.0000"},{"$nulls":10},{"v":4400,"d":"4,400.000"},{"$nulls":15},"",{"$nulls":10},"",{"$nulls":13},"",{"$nulls":10},"",{"$nulls":13},"",""]
["Итого на странице :"]
["Инвентарных номеров",{"$nulls":18},":","6 (шесть)"]
["Фактическое количество",{"$nulls":18},":",""]
["Фактическая сумма",{"$nulls":18},":",""]
["Количество по данным бухгалтерского учета",{"$nulls":18},":","11 (одиннадцать)"]
["Сумма по данным бухгалтерского учета",{"$nulls":18},":","63781.60 (63781 Шестьдесят три тысячи семьсот восемьдесят один рубль  60  копеек)"]
["Итого по описи :"]
[]
["Инвентарных номеров",{"$nulls":18},":","46 (сорок шесть)"]
["Фактическое количество",{"$nulls":18},":",""]
["Фактическая сумма",{"$nulls":18},":",""]
["Количество по данным бухгалтерского учета",{"$nulls":18},":","59 (пятьдесят девять)"]
["Сумма по данным бухгалтерского учета",{"$nulls":18},":","1253074.90 (1253074 Один миллион двести пятьдесят три тысячи семьдесят четыре рубля  90  копеек)"]